О формировании основных понятий безопасности; Безопасность жизнедеятельности; № 3

Bibliografske podrobnosti
Parent link:Безопасность жизнедеятельности: научно-практический и учебно-методический журнал.— , 2001-
№ 3.— 2003.— С. 2-6
Glavni avtor: Степанов Б. М.
Jezik:ruščina
Izdano: 2003
Serija:Общие вопросы БЖД
Teme:
Format: MixedMaterials Book Chapter
KOHA link:https://koha.lib.tpu.ru/cgi-bin/koha/opac-detail.pl?biblionumber=385217

MARC

LEADER 00000naa2a2200000 4500
001 385217
005 20231101063338.0
035 |a (RuTPU)RU\TPU\prd\12886 
090 |a 385217 
100 |a 20030422a2003 k y0rusy50 ca 
101 0 |a rus 
102 |a RU 
200 1 |a О формировании основных понятий безопасности  |f Б. М. Степанов 
225 1 |a Общие вопросы БЖД 
320 |a Библиогр.: 3 назв. 
461 1 |0 (RuTPU)RU\TPU\prd\1137  |t Безопасность жизнедеятельности  |o научно-практический и учебно-методический журнал  |d 2001- 
463 1 |0 (RuTPU)RU\TPU\prd\12787  |t № 3  |v С. 2-6  |d 2003 
610 1 |a безопасность 
610 1 |a формирование 
610 1 |a понятия 
610 1 |a опасность 
610 1 |a управление 
675 |a 614.8.084  |v 3 
700 1 |a Степанов  |b Б. М. 
801 1 |a RU  |b 63413507  |c 20030422  |g PSBO 
942 |c BK